000 00646cam a2200193 4500500
005 20260329005840.0
041 _afre
042 _adc
100 1 0 _aLarmagnac-Matheron, Octave
_eauthor
245 0 0 _a“Ni moutons, ni pigeons : philosopher pas bête avec La Fontaine”… et Laurence Devillairs
260 _c2025.
500 _a68
690 _aAnimal
690 _aLa Fontaine
690 _aLaurence Devillairs
690 _aMoraliste
786 0 _nPhilosophie magazine | 190 | 6 | 2025-06-01 | p. 7-7 | 1951-1787
856 4 1 _uhttps://shs.cairn.info/magazine-philosophie-magazine-2025-6-page-7?lang=fr&redirect-ssocas=7080
999 _c1847240
_d1847240